[Event "Titled Tuesday intern op 25th Jan"]
[Site "Chess.com INT"]
[Date "2022.01.25"]
[Round "2"]
[White "Quirke, Jeffrey"]
[Black "Podinic, Bojan"]
[Result "0-1"]
[WhiteElo "2086"]
[BlackElo "2238"]
[PlyCount "60"]
[EventDate "2022.01.25"]
[EventType "swiss (blitz)"]
[EventRounds "11"]
[EventCountry "USA"]
[SourceTitle "CBM 206 Extra"]
[Source "ChessBase"]
[SourceDate "2022.03.31"]
[SourceVersion "1"]
[SourceVersionDate "2022.03.31"]
[SourceQuality "1"]

1. d4 d5 2. c4 c5 3. cxd5 Nf6 4. e4 Nxe4 5. dxc5 Qa5+ 6. Bd2 Nxd2 7. Qxd2 Qxc5 8. Nc3 Na6 9. Bb5+ Bd7 10. Bxd7+ Kxd7 11. Nf3 f6 12. 0-0 g5 13. Nd4 Nc7 14. Rac1 Rd8 15. Ne6 Nxe6 16. dxe6+ Ke8 17. Qxd8+ Kxd8 18. Rfd1+ Kc8 19. Nd5 Qc6 20. Rxc6+ bxc6 21. Nb4 Kb7 22. Rd7+ Kb6 23. Kf1 f5 24. Nd3 Bg7 25. Rxe7 Bd4 26. Rd7 c5 27. e7 Re8 28. b4 Kc6 29. Rxa7 c4 30. Nc1 Bxa7 0-1

[Event "Titled Tuesday intern op 11th Jan"]
[Site "Chess.com INT"]
[Date "2022.01.11"]
[Round "7"]
[White "Podinic, Bojan"]
[Black "Boraso, Alessio"]
[Result "1-0"]
[WhiteElo "2238"]
[BlackElo "2286"]
[PlyCount "71"]
[EventDate "2022.01.11"]
[EventType "swiss (blitz)"]
[EventRounds "11"]
[EventCountry "USA"]
[SourceTitle "CBM 206 Extra"]
[Source "ChessBase"]
[SourceDate "2022.03.31"]
[SourceVersion "1"]
[SourceVersionDate "2022.03.31"]
[SourceQuality "1"]

1. e4 c5 2. Nc3 a6 3. a4 g6 4. f4 Bg7 5. Nf3 e6 6. Be2 Nc6 7. 0-0 Nge7 8. d3 0-0 9. Be3 Nd4 10. Bxd4 cxd4 11. Nb1 b6 12. Nbd2 Bb7 13. Nb3 f5 14. e5 Nd5 15. Qd2 Ne3 16. Rfe1 g5 17. Nxg5 Nxg2 18. Rf1 d6 19. Bf3 Bxf3 20. Nxf3 Ne3 21. Rf2 dxe5 22. fxe5 Bh6 23. Qe2 Ra7 24. Nbxd4 Rg7+ 25. Kh1 Ng4 26. Nxe6 Qd5 27. Nxg7 Nxf2+ 28. Qxf2 Kxg7 29. Rg1+ Kh8 30. Rg2 Bc1 31. Qg3 Qb7 32. e6 Bxb2 33. d4 f4 34. Qg5 Bxd4 35. Nxd4 f3 36. Qe5+ 1-0

[Event "Titled Tuesday intern op 11th Jan"]
[Site "Chess.com INT"]
[Date "2022.01.11"]
[Round "11"]
[White "Podinic, Bojan"]
[Black "Kucuksari, Kaan"]
[Result "1/2-1/2"]
[WhiteElo "2238"]
[BlackElo "2362"]
[PlyCount "138"]
[EventDate "2022.01.11"]
[EventType "swiss (blitz)"]
[EventRounds "11"]
[EventCountry "USA"]
[SourceTitle "CBM 206 Extra"]
[Source "ChessBase"]
[SourceDate "2022.03.31"]
[SourceVersion "1"]
[SourceVersionDate "2022.03.31"]
[SourceQuality "1"]

1. e4 Nf6 2. Nc3 d5 3. e5 Nfd7 4. d4 e6 5. Nf3 c5 6. Be3 Nc6 7. Bb5 cxd4 8. Bxd4 Nxd4 9. Qxd4 a6 10. Bd3 Bc5 11. Qg4 Qb6 12. Na4 Qb4+ 13. Qxb4 Bxb4+ 14. c3 Ba5 15. 0-0 b5 16. b4 Bc7 17. Nc5 Nxe5 18. Nxe5 Bxe5 19. Rac1 Bd6 20. Nb3 Bd7 21. f4 g6 22. Na5 h5 23. g3 Ke7 24. Kg2 Rhc8 25. h3 Rc7 26. g4 hxg4 27. hxg4 Rac8 28. f5 gxf5 29. gxf5 Rg8+ 30. Kf2 e5 31. a4 e4 32. Be2 bxa4 33. Bxa6 a3 34. b5 Rg3 35. c4 Rf3+ 36. Ke1 Rxf1+ 37. Kxf1 Be5 38. b6 Rc5 39. Nb3 Rc6 40. c5 a2 41. Bb7 Rh6 42. Kg1 Bxf5 43. Bxd5 Rg6+ 44. Kh1 e3 45. Re1 Bc2 46. Na1 Bxa1 47. Rxe3+ Kd7 48. Bxa2 Bd4 49. Re2 Bd3 50. Rd2 Be4+ 51. Kh2 Kc6 52. Rxd4 f5 53. b7 Kxb7 54. Bd5+ Bxd5 55. Rxd5 Rg5 56. Kh3 Kc6 57. Re5 Rg6 58. Rxf5 Re6 59. Kg4 Re4+ 60. Kf3 Re1 61. Rf6+ Kxc5 62. Rf4 Kd5 63. Kg4 Ke5 64. Rf3 Ke4 65. Rf4+ Ke3 66. Rf3+ Ke2 67. Rf4 Rg1+ 68. Kf5 Rf1 69. Rxf1 Kxf1 1/2-1/2

[Event "Titled Tuesday intern op 11th Jan"]
[Site "Chess.com INT"]
[Date "2022.01.11"]
[Round "8"]
[White "Podinic, Bojan"]
[Black "Yushko, Olga"]
[Result "1/2-1/2"]
[WhiteElo "2238"]
[BlackElo "2064"]
[PlyCount "149"]
[EventDate "2022.01.11"]
[EventType "swiss (blitz)"]
[EventRounds "11"]
[EventCountry "USA"]
[SourceTitle "CBM 206 Extra"]
[Source "ChessBase"]
[SourceDate "2022.03.31"]
[SourceVersion "1"]
[SourceVersionDate "2022.03.31"]
[SourceQuality "1"]

1. e4 d6 2. d4 e5 3. Nf3 Nf6 4. dxe5 Nxe4 5. Bc4 Be7 6. Qe2 Nc5 7. 0-0 0-0 8. Rd1 Nc6 9. Bf4 Bg4 10. h3 Bh5 11. g4 Bg6 12. Nc3 a6 13. a3 Ne6 14. Bg3 Qd7 15. Nd5 Rad8 16. Nxe7+ Qxe7 17. exd6 cxd6 18. Bh4 Qd7 19. Bxd8 Rxd8 20. Bxe6 fxe6 21. Rd2 e5 22. Rad1 Qe6 23. Ng5 Qf6 24. Qc4+ Kh8 25. Ne6 Bf7 26. Rxd6 Rxd6 27. Rxd6 h5 28. g5 Qf5 29. Qd5 Qxh3 30. Rd8+ Nxd8 31. Qxd8+ Kh7 32. Nf8+ Kg8 33. Ng6+ Kh7 34. Nxe5 Qf5 35. Nxf7 Qxf7 36. Qd3+ Kg8 37. Qe3 Qd7 38. b3 Qg4+ 39. Qg3 Qd1+ 40. Kh2 Qxc2 41. Qb8+ Kh7 42. Qxb7 Qf5 43. Qg2 Qf4+ 44. Qg3 Qf5 45. Qh4 Qe5+ 46. Qg3 Qf5 47. b4 Kg6 48. a4 Qe4 49. Qd6+ Kxg5 50. b5 Qh4+ 51. Kg2 Qe4+ 52. Kg1 Qxa4 53. Kg2 Qxb5 54. Qe7+ Kh6 55. Qa7 Qd5+ 56. Kg1 Qd1+ 57. Kg2 Qg4+ 58. Kf1 Qc4+ 59. Kg2 Qc6+ 60. Kf1 g5 61. Qe7 Qb5+ 62. Kg2 Qd5+ 63. Kf1 Qd4 64. Qe6+ Kh7 65. Qxa6 h4 66. Qb7+ Kg6 67. Qc6+ Qf6 68. Qe4+ Kh5 69. Qe8+ Kg4 70. Qe2+ Qf3 71. Qe6+ Qf5 72. Qe2+ Qf3 73. Qe6+ Kf4 74. Qf6+ Kg4 75. Qe6+ 1/2-1/2

[Event "Titled Tuesday intern op 11th Jan"]
[Site "Chess.com INT"]
[Date "2022.01.11"]
[Round "6"]
[White "Vifleemskaia, Svetlana"]
[Black "Podinic, Bojan"]
[Result "1/2-1/2"]
[WhiteElo "1926"]
[BlackElo "2238"]
[PlyCount "71"]
[EventDate "2022.01.11"]
[EventType "swiss (blitz)"]
[EventRounds "11"]
[EventCountry "USA"]
[SourceTitle "CBM 206 Extra"]
[Source "ChessBase"]
[SourceDate "2022.03.31"]
[SourceVersion "1"]
[SourceVersionDate "2022.03.31"]
[SourceQuality "1"]

1. d4 d5 2. c4 c5 3. cxd5 Nf6 4. e3 cxd4 5. Qxd4 Qxd5 6. Nf3 Nc6 7. Qxd5 Nxd5 8. a3 e5 9. Bc4 Nb6 10. Ba2 Bg4 11. 0-0 f6 12. Nbd2 0-0-0 13. Nc4 Nxc4 14. Bxc4 Kb8 15. b4 Be7 16. Bb2 a6 17. Rfd1 Rxd1+ 18. Rxd1 e4 19. h3 Bxf3 20. gxf3 exf3 21. Bd5 Rd8 22. Bxf3 Rxd1+ 23. Bxd1 Kc7 24. Bc2 g6 25. Kf1 a5 26. b5 Ne5 27. Bxe5+ fxe5 28. a4 Kd6 29. Ke2 Kc5 30. Kd3 Kb4 31. Ke4 Kc3 32. Bd1 Kd2 33. Bb3 Kc3 34. Bd1 Kd2 35. Bb3 Kc3 36. Bd1 1/2-1/2

[Event "Titled Tuesday intern op 17th Aug"]
[Site "Chess.com INT"]
[Date "2021.08.17"]
[Round "1"]
[White "Podinic, Bojan"]
[Black "Petrovskiy, Vadim"]
[Result "1-0"]
[WhiteElo "2236"]
[BlackElo "2159"]
[PlyCount "71"]
[EventDate "2021.08.17"]
[EventType "swiss (blitz)"]
[EventRounds "11"]
[EventCountry "USA"]
[SourceTitle "EXT 2022"]
[Source "ChessBase"]
[SourceDate "2021.10.06"]
[SourceVersion "1"]
[SourceVersionDate "2021.10.06"]
[SourceQuality "1"]

1. e4 c5 2. Nc3 Nc6 3. f4 g6 4. Nf3 Bg7 5. Bb5 e6 6. Bxc6 bxc6 7. d3 Ne7 8. 0-0 0-0 9. Qe1 d5 10. e5 c4 11. dxc4 Ba6 12. Nd2 Nf5 13. Na4 f6 14. Nc5 Qb6 15. b4 fxe5 16. fxe5 dxc4 17. Nf3 c3 18. Rf2 Rfe8 19. Nxa6 Qxa6 20. Qxc3 Rad8 21. Bg5 Rd5 22. g4 Nd6 23. Re1 Nf7 24. Bf6 Bxf6 25. exf6 e5 26. Rfe2 Qc8 27. h3 Qe6 28. Nd4 Qxf6 29. Nxc6 Ng5 30. Qb3 Qxc6 31. Rxe5 Rexe5 32. Rxe5 Nf3+ 33. Qxf3 Rd1+ 34. Qxd1 Qb6+ 35. Kg2 Qc6+ 36. Qd5+ 1-0

[Event "Titled Tuesday intern op 13th July"]
[Site "Chess.com INT"]
[Date "2021.07.13"]
[Round "2"]
[White "Allahverdiyeva, Ayan"]
[Black "Podinic, Bojan"]
[Result "1-0"]
[WhiteElo "2095"]
[BlackElo "2236"]
[PlyCount "76"]
[EventDate "2021.07.13"]
[EventType "swiss (blitz)"]
[EventRounds "11"]
[EventCountry "USA"]
[SourceTitle "CBM 203 Extra"]
[Source "ChessBase"]
[SourceDate "2021.09.30"]
[SourceVersion "1"]
[SourceVersionDate "2021.09.30"]
[SourceQuality "1"]

1. e4 e5 2. Nf3 Nc6 3. Bb5 Nd4 4. Nxd4 exd4 5. 0-0 c6 6. Bc4 Nf6 7. e5 d5 8. Bd3 Ne4 9. Qf3 Qh4 10. Re1 Bg4 11. Rxe4 dxe4 12. Qxe4 Qg5 13. Qxd4 Bf3 14. Bf1 c5 15. Bb5+ Bc6 16. Bxc6+ bxc6 17. Qe4 Qg6 18. Qf3 Be7 19. d3 0-0 20. Nc3 Rab8 21. b3 Rfe8 22. Qh3 f5 23. f4 c4 24. dxc4 Bc5+ 25. Be3 Bxe3+ 26. Qxe3 Qe6 27. Na4 Red8 28. Nc5 Qe7 29. c3 h6 30. h3 a5 31. Re1 Kh7 32. e6 g6 33. Qe5 Rd6 34. Nd7 Rxd7 35. exd7 Qf8 36. Qe8 Kg8 37. Qxb8 Qxb8 38. Re8+ Kf7 1-0

[Event "Titled Tuesday intern op 13th July"]
[Site "Chess.com INT"]
[Date "2021.07.13"]
[Round "1"]
[White "Podinic, Bojan"]
[Black "Le, Tuan Minh"]
[Result "0-1"]
[WhiteElo "2236"]
[BlackElo "2514"]
[PlyCount "82"]
[EventDate "2021.07.13"]
[EventType "swiss (blitz)"]
[EventRounds "11"]
[EventCountry "USA"]
[SourceTitle "CBM 203 Extra"]
[Source "ChessBase"]
[SourceDate "2021.09.30"]
[SourceVersion "1"]
[SourceVersionDate "2021.09.30"]
[SourceQuality "1"]

1. e4 c5 2. Nf3 Nf6 3. e5 Nd5 4. Nc3 e6 5. Nxd5 exd5 6. d4 Nc6 7. c3 d6 8. exd6 Bxd6 9. dxc5 Bxc5 10. Bd3 0-0 11. 0-0 Bg4 12. h3 Bh5 13. Bf4 Re8 14. g4 Bg6 15. Bxg6 hxg6 16. Qd3 Qf6 17. Bg5 Qd6 18. Kg2 f6 19. Bh4 g5 20. Bg3 Qd7 21. Rad1 Rad8 22. Rfe1 Bb6 23. Rxe8+ Qxe8 24. Re1 Qf7 25. h4 gxh4 26. Nxh4 d4 27. Nf5 dxc3 28. Qxc3 Ba5 29. Ne7+ Kf8 30. Qc5 Bb4 31. Ng6+ Kg8 32. Ne7+ Qxe7 33. Rxe7 Bxc5 34. Rxb7 Bb6 35. a3 Re8 36. Rd7 Re7 37. Rd5 Re2 38. b4 Ra2 39. Rd3 Kf7 40. Rc3 Ne7 41. Bc7 Nd5 0-1

[Event "Titled Tuesday intern op 13th July"]
[Site "Chess.com INT"]
[Date "2021.07.13"]
[Round "4"]
[White "Voiteanu, Christian Gabriel"]
[Black "Podinic, Bojan"]
[Result "1-0"]
[WhiteElo "2111"]
[BlackElo "2236"]
[PlyCount "113"]
[EventDate "2021.07.13"]
[EventType "swiss (blitz)"]
[EventRounds "11"]
[EventCountry "USA"]
[SourceTitle "CBM 203 Extra"]
[Source "ChessBase"]
[SourceDate "2021.09.30"]
[SourceVersion "1"]
[SourceVersionDate "2021.09.30"]
[SourceQuality "1"]

1. d4 d5 2. Nf3 Nf6 3. g3 g6 4. Bg2 Bg7 5. 0-0 0-0 6. c4 c6 7. Nc3 dxc4 8. e4 Nbd7 9. Qe2 Nb6 10. e5 Nfd5 11. Ne4 Bf5 12. Nc5 Nb4 13. Nxb7 Bd3 14. Qxd3 cxd3 15. Nxd8 Rfxd8 16. Bg5 Nc2 17. Rad1 Nxd4 18. Bxe7 Ne2+ 19. Kh1 Rd5 20. Bd6 Nc4 21. Nd2 Nxd2 22. Rxd2 Rd4 23. Bxc6 Rc8 24. Bd7 Rc2 25. Rfd1 Rxd2 26. Rxd2 Bxe5 27. Bxe5 Rxd7 28. Kg2 Nc1 29. b4 Nxa2 30. b5 Nb4 31. Kf3 Rd5 32. Bc3 Rxb5 33. Bxb4 Rxb4 34. Rxd3 a5 35. Rd8+ Kg7 36. Ra8 Rb5 37. Ra6 h5 38. h4 Rc5 39. Ke4 Rc2 40. Ke3 Ra2 41. Kf3 Ra1 42. Ke3 a4 43. Kf3 Kh6 44. Ra7 Kg7 45. Ra6 a3 46. Kf4 a2 47. Kf3 Kf8 48. Ra7 Ke8 49. Kf4 Kd8 50. Kg5 Kc8 51. Kf6 Kb8 52. Ra3 Rb1 53. Rxa2 Rb7 54. Re2 Kc8 55. Re8+ Kc7 56. Re7+ Kc6 57. Rxb7 1-0

[Event "Titled Tuesday intern op 30th Mar"]
[Site "Chess.com INT"]
[Date "2021.03.30"]
[Round "9"]
[White "Nikolovski, Nikola"]
[Black "Podinic, Bojan"]
[Result "1-0"]
[WhiteElo "2454"]
[BlackElo "2260"]
[PlyCount "105"]
[EventDate "2021.03.30"]
[EventType "swiss (blitz)"]
[EventRounds "11"]
[EventCountry "USA"]
[SourceTitle "CBM 201 Extra"]
[Source "ChessBase"]
[SourceDate "2021.05.31"]
[SourceVersion "1"]
[SourceVersionDate "2021.05.31"]
[SourceQuality "1"]

1. e4 e5 2. Nf3 Nc6 3. Bc4 Nf6 4. d3 Be7 5. 0-0 0-0 6. a4 d5 7. exd5 Nxd5 8. Re1 Bg4 9. c3 Re8 10. a5 a6 11. Nbd2 Bc5 12. Qb3 Be6 13. Ne4 b6 14. Nxc5 bxc5 15. Nxe5 Nxe5 16. Rxe5 Rb8 17. Qd1 Qd6 18. Re1 Bg4 19. f3 Bf5 20. Re2 h6 21. Qe1 Bd7 22. Rxe8+ Rxe8 23. Qf2 Bb5 24. Bxd5 Qxd5 25. c4 Bxc4 26. dxc4 Qxc4 27. Be3 Qd3 28. Re1 c4 29. Qd2 Rb8 30. Qxd3 cxd3 31. Bd4 Rb5 32. Bc3 c5 33. Kf2 c4 34. Re8+ Kh7 35. Ke3 Rd5 36. Re7 Kg6 37. Re4 Rc5 38. Re5 Rc6 39. Kd4 f6 40. Rc5 Rd6+ 41. Rd5 Re6 42. Kxc4 Re2 43. Rxd3 Rxg2 44. Rd6 Rxh2 45. Rxa6 Rh1 46. b4 h5 47. Ra8 h4 48. a6 h3 49. a7 Rh2 50. Rh8 Ra2 51. a8Q Rxa8 52. Rxa8 Kf5 53. Rh8 1-0

[Event "Titled Tuesday intern op 30th Mar"]
[Site "Chess.com INT"]
[Date "2021.03.30"]
[Round "2"]
[White "Podinic, Bojan"]
[Black "Bhagyashree, Patil"]
[Result "1-0"]
[WhiteElo "2260"]
[BlackElo "1958"]
[PlyCount "31"]
[EventDate "2021.03.30"]
[EventType "swiss (blitz)"]
[EventRounds "11"]
[EventCountry "USA"]
[SourceTitle "CBM 201 Extra"]
[Source "ChessBase"]
[SourceDate "2021.05.31"]
[SourceVersion "1"]
[SourceVersionDate "2021.05.31"]
[SourceQuality "1"]

1. e4 e5 2. Nf3 Nc6 3. d4 exd4 4. Bc4 Bc5 5. c3 dxc3 6. Bxf7+ Kxf7 7. Qd5+ Ke8 8. Qh5+ g6 9. Qxc5 Nge7 10. Nxc3 d6 11. Qg5 Be6 12. 0-0 Qd7 13. Nd5 Ng8 14. Re1 Nce7 15. Nd4 c5 16. Nxe6 1-0

[Event "Belgrade-chT"]
[Site "Belgrade"]
[Date "2017.10.08"]
[Round "3.2"]
[White "Podinic, Bojan"]
[Black "Injac, Teodora"]
[Result "0-1"]
[WhiteElo "2250"]
[BlackElo "2244"]
[PlyCount "106"]
[EventDate "2017.10.01"]
[EventType "team-tourn"]
[EventRounds "11"]
[EventCountry "SRB"]
[SourceTitle "CBM 181 Extra"]
[Source "ChessBase"]
[SourceDate "2017.12.12"]
[SourceVersion "1"]
[SourceVersionDate "2017.12.12"]
[SourceQuality "1"]
[WhiteTeam "GSP Polet"]
[BlackTeam "Vreoci Turbina"]
[WhiteTeamCountry "SRB"]
[BlackTeamCountry "SRB"]

1. e4 e6 2. b3 c5 3. Nf3 a6 4. Bb2 Nc6 5. d4 cxd4 6. Nxd4 Qf6 7. c3 Bc5 8. Be2 e5 9. Nf3 Nge7 10. 0-0 0-0 11. Ba3 Bxa3 12. Nxa3 Rd8 13. c4 d6 14. Nc2 Ng6 15. g3 Bh3 16. Re1 Nf8 17. b4 Ne6 18. b5 axb5 19. cxb5 Ne7 20. Ne3 Nc5 21. Nd2 d5 22. Bg4 Nd3 23. Bxh3 Qxf2+ 24. Kh1 Qxe1+ 25. Qxe1 Nxe1 26. Rxe1 Rxa2 27. Nf3 dxe4 28. Nxe5 Rdd2 29. Nf1 Rd4 30. Rc1 Rd5 31. Nc4 Rxb5 32. Nd6 Re5 33. Ne3 h5 34. Bf1 Kh7 35. Nxf7 Rea5 36. h4 Ra1 37. Ng5+ Kg6 38. Rxa1 Rxa1 39. Kg2 Nf5 40. Nxf5 Kxf5 41. Bc4 Ke5 42. Bf7 b5 43. Kf2 Ra6 44. Bxh5 b4 45. Ke2 g6 46. Bg4 Ra3 47. Kd2 Rxg3 48. Bd1 b3 49. Nf7+ Kd4 50. h5 Rg2+ 51. Kc1 b2+ 52. Kb1 gxh5 53. Nd6 Rg1 0-1

[Event "Belgrade Vucicevic Memorial"]
[Site "Belgrade"]
[Date "2016.12.04"]
[Round "2"]
[White "Podinic, Bojan"]
[Black "Miljkovic, Miroslav D"]
[Result "0-1"]
[WhiteElo "2250"]
[BlackElo "2504"]
[PlyCount "54"]
[EventDate "2016.12.04"]
[EventType "swiss"]
[EventRounds "15"]
[EventCountry "SRB"]
[SourceTitle "CBM 176 Extra"]
[Source "ChessBase"]
[SourceDate "2017.03.02"]
[SourceVersion "1"]
[SourceVersionDate "2017.03.02"]
[SourceQuality "1"]

1. e4 c5 2. Nf3 Nc6 3. c3 Nf6 4. e5 Nd5 5. d4 cxd4 6. Bc4 Nb6 7. Bb3 d5 8. exd6 Qxd6 9. cxd4 Be6 10. 0-0 Bxb3 11. Qxb3 e6 12. Nc3 Be7 13. Rd1 Rd8 14. Be3 Qb4 15. Qc2 0-0 16. a3 Qa5 17. b4 Qh5 18. b5 Na5 19. d5 exd5 20. Bxb6 axb6 21. Na4 Nc4 22. Nd2 Bf6 23. Ra2 Rfe8 24. Nxc4 dxc4 25. Rxd8 Rxd8 26. g3 Qxb5 27. Nc3 Bxc3 0-1

[Event "Belgrade-chT Quality"]
[Site "Belgrade"]
[Date "2015.10.18"]
[Round "6"]
[White "Zmijanac, Dusko"]
[Black "Podinic, Bojan"]
[Result "1/2-1/2"]
[WhiteElo "2101"]
[BlackElo "2254"]
[PlyCount "92"]
[EventDate "2015.10.03"]
[EventType "team-tourn"]
[EventRounds "11"]
[EventCountry "SRB"]
[SourceTitle "EXT 2018"]
[Source "ChessBase"]
[SourceDate "2017.10.13"]
[SourceVersion "1"]
[SourceVersionDate "2017.10.13"]
[SourceQuality "1"]

1. d4 d5 2. c4 e6 3. Nf3 Nf6 4. g3 Be7 5. Bg2 0-0 6. 0-0 Nc6 7. Nbd2 Ne4 8. e3 f5 9. a3 a5 10. Qc2 Qe8 11. Ne1 b6 12. Nd3 g5 13. b3 Bb7 14. Bb2 Bf6 15. Rac1 Rc8 16. f3 Nxd2 17. Qxd2 a4 18. b4 dxc4 19. Rxc4 Ba6 20. Rc2 Ne7 21. Rfc1 Qd7 22. f4 gxf4 23. Nxf4 Rfd8 24. Qf2 Nd5 25. Nxd5 exd5 26. Bh3 Bd3 27. Rc3 Be4 28. Rf1 c5 29. bxc5 bxc5 30. Bxf5 Bxf5 31. Qxf5 Qxf5 32. Rxf5 Kg7 33. Rc2 cxd4 34. Rxc8 Rxc8 35. Rxd5 dxe3 36. Rd7+ Kg8 37. Bxf6 Rc1+ 38. Kg2 e2 39. Bc3 Rxc3 40. Re7 Rxa3 41. Rxe2 Rb3 42. Re7 a3 43. Ra7 Rb2+ 44. Kf3 a2 45. h4 Rb3+ 46. Kf4 Rb4+ 1/2-1/2

[Event "Belgrade-chT"]
[Site "Belgrade"]
[Date "2014.09.20"]
[Round "1.4"]
[White "Mihic, Bojan"]
[Black "Podinic, Bojan"]
[Result "1/2-1/2"]
[WhiteElo "2398"]
[BlackElo "2285"]
[PlyCount "55"]
[EventDate "2014.09.20"]
[EventType "team-tourn"]
[EventRounds "11"]
[EventCountry "SRB"]
[SourceTitle "CBM 162 Extra"]
[Source "ChessBase"]
[SourceDate "2014.10.17"]
[SourceVersion "1"]
[SourceVersionDate "2014.10.17"]
[SourceQuality "1"]
[WhiteTeam "Grocka"]
[BlackTeam "GSP Polet"]
[WhiteTeamCountry "SRB"]
[BlackTeamCountry "SRB"]

1. Nf3 Nf6 2. c4 e6 3. g3 d5 4. Bg2 Be7 5. 0-0 0-0 6. d4 Nbd7 7. Qc2 Ne4 8. Nfd2 f5 9. Nxe4 dxe4 10. Rd1 Bg5 11. Nc3 c6 12. d5 exd5 13. cxd5 Bxc1 14. Raxc1 Qf6 15. f4 exf3 16. exf3 Ne5 17. f4 Ng4 18. Qd2 Re8 19. h3 Nh6 20. Qf2 Bd7 21. Na4 cxd5 22. Bxd5+ Kh8 23. Nc3 Bc6 24. Kh2 Ng8 25. Bxc6 Qxc6 26. Nd5 Qa4 27. b3 Qa5 28. Ne3 1/2-1/2

[Event "Belgrade-chT"]
[Site "Belgrade"]
[Date "2013.10.15"]
[Round "4.5"]
[White "Andrejic, Vladica"]
[Black "Podinic, Bojan"]
[Result "1/2-1/2"]
[WhiteElo "2210"]
[BlackElo "2304"]
[PlyCount "86"]
[EventDate "2013.10.12"]
[EventType "team-tourn"]
[EventRounds "11"]
[EventCountry "SRB"]
[SourceTitle "EXT 2014"]
[Source "ChessBase"]
[SourceDate "2013.11.20"]
[SourceVersion "1"]
[SourceVersionDate "2013.11.20"]
[SourceQuality "1"]
[WhiteTeam "Romanticari"]
[BlackTeam "GSP Polet"]
[WhiteTeamCountry "SRB"]
[BlackTeamCountry "SRB"]

1. d4 Nf6 2. c4 e6 3. Nc3 d5 4. cxd5 exd5 5. Bg5 Nbd7 6. e3 c6 7. Bd3 Qa5 8. Nge2 Bd6 9. 0-0 0-0 10. a3 Qc7 11. Bf4 Re8 12. Qc2 Qb8 13. Rae1 c5 14. dxc5 Nxc5 15. Rd1 Nxd3 16. Qxd3 Bg4 17. f3 Be6 18. Kh1 Rd8 19. Bg5 Be7 20. Nf4 Qe5 21. Bxf6 Bxf6 22. Nfxd5 Bxd5 23. Nxd5 Qxb2 24. e4 b6 25. Rd2 Qe5 26. f4 Qe6 27. Qf3 Rac8 28. Rfd1 Re8 29. e5 Bd8 30. Rd3 Qc6 31. h3 h6 32. Qg4 Be7 33. Rc3 Bc5 34. Nf6+ Kf8 35. Nxe8 Rxe8 36. Rg3 g6 37. h4 h5 38. Qg5 Qe4 39. Qh6+ Kg8 40. Rf1 Qe2 41. Rgf3 Rd8 42. f5 Rd1 43. Rxd1 Qxd1+ 1/2-1/2

[Event "Belgrade-chT"]
[Site "Belgrade"]
[Date "2013.10.12"]
[Round "1.6"]
[White "Nenezic, Marko"]
[Black "Podinic, Bojan"]
[Result "1-0"]
[WhiteElo "2407"]
[BlackElo "2304"]
[PlyCount "69"]
[EventDate "2013.10.12"]
[EventType "team-tourn"]
[EventRounds "11"]
[EventCountry "SRB"]
[SourceTitle "EXT 2014"]
[Source "ChessBase"]
[SourceDate "2013.11.20"]
[SourceVersion "1"]
[SourceVersionDate "2013.11.20"]
[SourceQuality "1"]
[WhiteTeam "Itaka"]
[BlackTeam "GSP Polet"]
[WhiteTeamCountry "SRB"]
[BlackTeamCountry "SRB"]

1. Nf3 d5 2. d4 Nf6 3. c4 e6 4. Nc3 Nbd7 5. Bg5 c6 6. e3 Qa5 7. cxd5 exd5 8. Bd3 Ne4 9. 0-0 Nxg5 10. Nxg5 Nf6 11. h3 h6 12. Nf3 Bd6 13. Ne5 0-0 14. f4 c5 15. Kh1 cxd4 16. exd4 Bb4 17. Ne2 Bd7 18. a3 Bd6 19. Nc3 Qd8 20. b4 Rc8 21. Qb3 Nh5 22. Ne2 Bxe5 23. dxe5 Qh4 24. Kg1 d4 25. Qd5 Rfd8 26. Qf3 g6 27. b5 Be6 28. Rac1 Rxc1 29. Rxc1 Bd5 30. Qg4 Qxg4 31. hxg4 Ng7 32. f5 Re8 33. Nf4 Rxe5 34. Rc8+ Ne8 35. Nxd5 1-0

[Event "Belgrade tt Cup"]
[Site "Belgrade"]
[Date "2011.04.14"]
[Round "2"]
[White "Indjic, Aleksandar"]
[Black "Podinic, Bojan"]
[Result "1-0"]
[WhiteElo "2303"]
[BlackElo "2271"]
[PlyCount "65"]
[EventDate "2011.04.13"]
[EventType "team-tourn"]
[EventRounds "5"]
[EventCountry "SRB"]
[SourceTitle "CBM 141 Extra"]
[Source "ChessBase"]
[SourceDate "2011.05.03"]
[SourceVersion "1"]
[SourceVersionDate "2011.05.03"]
[SourceQuality "1"]

1. d4 Nf6 2. c4 e5 3. dxe5 Ng4 4. e4 Nxe5 5. f4 Ng6 6. Be3 Bb4+ 7. Nd2 Qe7 8. Bd3 f5 9. a3 fxe4 10. Bc2 Bxd2+ 11. Qxd2 d6 12. Ne2 Nd7 13. 0-0-0 Nf6 14. h3 Be6 15. Nd4 Bxc4 16. Qb4 Bd5 17. Ba4+ Kf7 18. Nf5 Qe6 19. g4 h5 20. Qc3 hxg4 21. Rxd5 Rxh3 22. Rxh3 gxh3 23. Qxc7+ Ne7 24. Nxd6+ Kf8 25. Re5 Qxe5 26. fxe5 h2 27. exf6 h1Q+ 28. Bd1 gxf6 29. Qc4 Qh7 30. Kb1 Nc6 31. Qe6 Ne5 32. Qxf6+ Nf7 33. Nxf7 1-0

[Event "Belgrade tt Cup"]
[Site "Belgrade"]
[Date "2010.04.14"]
[Round "1.1"]
[White "Podinic, Bojan"]
[Black "Jovic, Aleksandar"]
[Result "0-1"]
[WhiteElo "2247"]
[BlackElo "2381"]
[PlyCount "76"]
[EventDate "2010.04.14"]
[EventType "team-tourn"]
[EventRounds "5"]
[EventCountry "SRB"]
[SourceTitle "EXT 2012"]
[Source "ChessBase"]
[SourceDate "2011.11.24"]
[SourceVersion "1"]
[SourceVersionDate "2011.11.24"]
[SourceQuality "1"]

1. e4 e6 2. d4 d5 3. exd5 exd5 4. Bd3 Bd6 5. Nf3 Ne7 6. Bg5 Bg4 7. Nbd2 f6 8. Be3 Nbc6 9. c3 Qd7 10. Qc2 0-0-0 11. b4 Bf5 12. Nb3 Bxd3 13. Qxd3 Qf5 14. 0-0-0 Qxd3 15. Rxd3 Nf5 16. b5 Nce7 17. Kc2 g5 18. h3 h5 19. Nfd2 Rde8 20. c4 dxc4 21. Nxc4 Nd5 22. Nxd6+ Nxd6 23. Kb1 Nxb5 24. Rc1 b6 25. Nd2 Nd6 26. Nf1 a5 27. Rd2 Re7 28. a3 Nf5 29. Rb2 Kb7 30. Bd2 Re2 31. Ne3 Nfxe3 32. Bxe3 Rxb2+ 33. Kxb2 Re8 34. Rf1 Nxe3 35. fxe3 Rxe3 36. g4 hxg4 37. hxg4 Re4 38. d5 Rf4 0-1

[Event "Belgrade-chT Quality"]
[Site "Belgrade"]
[Date "2009.11.02"]
[Round "10"]
[White "Zivkovic, Dejan"]
[Black "Podinic, Bojan"]
[Result "1/2-1/2"]
[WhiteElo "2231"]
[BlackElo "2219"]
[PlyCount "104"]
[EventDate "2009.10.11"]
[EventType "team-tourn"]
[EventRounds "11"]
[EventCountry "YUG"]
[SourceTitle "CBM 133 Extra"]
[Source "ChessBase"]
[SourceDate "2010.01.05"]
[SourceVersion "1"]
[SourceVersionDate "2010.01.05"]
[SourceQuality "1"]

1. d4 Nf6 2. Nf3 d5 3. e3 Bg4 4. c4 e6 5. Qb3 Qc8 6. Ne5 c6 7. Nxg4 Nxg4 8. Nc3 Be7 9. f3 Nf6 10. e4 dxe4 11. fxe4 e5 12. dxe5 Ng4 13. e6 fxe6 14. Be2 h5 15. Bxg4 hxg4 16. Bf4 Nd7 17. 0-0-0 e5 18. Bg3 Nc5 19. Qc2 Qe6 20. Qe2 Rd8 21. Kb1 Rd4 22. b3 a6 23. Bf2 Rxd1+ 24. Nxd1 Qg6 25. Nc3 Ne6 26. Bg3 Nf4 27. Qc2 0-0 28. Nd1 Bc5 29. Rf1 b6 30. Be1 Rd8 31. Bc3 Bd4 32. Bxd4 Rxd4 33. Nc3 b5 34. g3 Nd3 35. cxb5 axb5 36. Rf5 b4 37. Ne2 Rxe4 38. Rf1 Rxe2 39. Qxe2 Ne1+ 40. Kb2 Nd3+ 41. Kb1 e4 42. Qd1 Qf5 43. Qe2 Qg6 44. Rd1 Qf5 45. Qc2 c5 46. Qc4+ Kh7 47. a4 bxa3 48. Ka2 Qf2+ 49. Kxa3 Qb2+ 50. Ka4 Qe2 51. Qf7 Nb2+ 52. Ka5 Nxd1 1/2-1/2